000
00322nam a22001457a 4500
008
230613b ||||| |||| 00| 0 eng d
020
_a
9780883852055
041
_a
eng
080
_2
PART 1
_a
51
082
_a
51APO
100
_a
22
101
_a
MATE
245
_a
A CENTURY OF CALCULUS
_c
APOSTOL.M.T
942
_2
udc
_c
BK
999
_c
59956
_d
59956